The five year economic plan : Sharing a better quality of life around the globe

Đã lưu trong:
Sonraí Bibleagrafaíochta
Formáid: Leabhar
Teanga:Undetermined
Foilsithe: Tokyo Economic Planning Agency Goverment of Japan 1992
Ábhair:
Clibeanna: Cuir Clib Leis
Gan Chlibeanna, Bí ar an gcéad duine leis an taifead seo a chlibeáil!
Thư viện lưu trữ: Trung tâm Học liệu Trường Đại học Cần Thơ
LEADER 00517nam a2200169Ia 4500
001 CTU_79403
008 210402s9999 xx 000 0 und d
082 |a 330.9 
082 |b F565 
245 4 |a The five year economic plan : 
245 0 |b Sharing a better quality of life around the globe 
260 |a Tokyo 
260 |b Economic Planning Agency Goverment of Japan 
260 |c 1992 
650 |a Economic conditions,Economic policy 
650 |z Japan 
980 |a Trung tâm Học liệu Trường Đại học Cần Thơ